Marques de véhicules dans GTA 5 #3 - Statistiques

Statistiques générales
  • Ce quiz a été pris 8 fois
    2 depuis la dernière actualisation
  • Le résultat moyen est 46 sur 100
Statistiques - réponses
Marque Catégorie Modèle % Correct
Cheval Berline Fugitive
100%
Declasse Véhicule de secours 4x4 Garde-côte
50%
Declasse Berline Asea
50%
Canis Tout-terrain Bodhi
50%
Coil Tout-terrain Brawler
50%
Classique Grosse cylindrée Broadway
50%
Declasse Tout-terrain Brutus anticipation
50%
Declasse Tout-terrain Brutus apocalypse
50%
Declasse Tout-terrain Brutus cauchemar
50%
Declasse Camionette Burrito
50%
Declasse Camionette Burrito Bugstars
50%
Declasse Camionette Burrito de gang
50%
Declasse Véhicule de secours Burrito (exécution des cautions)
50%
Canis SUV Castigator
50%
Chariot Berline Corbillard Romero
50%
Canis Véhicule militaire Crusader
50%
Coil Supersportive Cyclone
50%
Coil Supersportive Cyclone II
50%
Declasse Ultralégère DR1
50%
Declasse Tout-terrain Draugur
50%
Canis Tout-terrain Freecrawler
50%
Declasse SUV Granger
50%
Declasse SUV Granger 3600LX
50%
Declasse Sportive Hotring Sabre
50%
Declasse Grosse cylindrée Impaler
50%
Declasse Grosse cylindrée Impaler anticipation
50%
Declasse Grosse cylindrée Impaler apocalypse
50%
Declasse Grosse cylindrée Impaler cauchemar
50%
Declasse Grosse cylindrée Impaler LX
50%
Declasse Véhicule de secours Impaler LX Cruiser
50%
Declasse Grosse cylindrée Impaler SZ
50%
Declasse Véhicule de secours Impaler SZ Cruiser
50%
Coil Vélo Inductor
50%
Coil Vélo Inductor Junk Energy
50%
Canis Tout-terrain Kalahari
50%
Canis Tout-terrain Kamacho
50%
Cheval Tout-terrain Marshall
50%
Canis SUV | Tout-terrain Mesa
50%
Declasse Grosse cylindrée Moonbeam
50%
Declasse Grosse cylindrée Moonbeam custom
50%
Declasse Véhicule de secours Park Ranger
50%
Cheval Grosse cylindrée Picador
50%
Declasse Véhicule de secours Police Transporteur
50%
Declasse Berline Premier
50%
Coil Sportive Raiden
50%
Declasse Véhicule compact Rhapsody
50%
Coil Supersportive Rocket Voltic
50%
Declasse Grosse cylindrée Sabre Turbo
50%
Declasse Grosse cylindrée Sabre Turbo custom
50%
Declasse Supersportive Scramjet
50%
Canis SUV Seminole
50%
Canis SUV Seminole Frontier
50%
Declasse Véhicule de secours Sheriff SUV
50%
Declasse Grosse cylindrée Stallion
50%
Declasse Grosse cylindrée Stallion Burger Shot
50%
Cheval Berline Surge
50%
Declasse Véhicule de secours SUV du FIB
50%
Declasse Grosse cylindrée Tahoma coupé
50%
Cheval Supersportive Taipan
50%
Declasse Grosse cylindrée Tampa
50%
Declasse Grosse cylindrée Tampa armée
50%
Declasse Sportive Tampa drift
50%
Declasse Grosse cylindrée Tampa GT
50%
Canis Tout-terrain Terminus
50%
Canis Véhicule de secours Terminus de patrouille
50%
Declasse Sportive classique Tornado
50%
Declasse Sportive classique Tornado custom
50%
Declasse Sportive classique Tornado rat rod
50%
Declasse Grosse cylindrée Tulip
50%
Declasse Grosse cylindrée Tulip M-100
50%
Declasse Grosse cylindrée Vamos
50%
Declasse Grosse cylindrée Vigero
50%
Declasse Grosse cylindrée Vigero ZX
50%
Declasse Grosse cylindrée Vigero ZX décapotable
50%
Coil Supersportive Voltic
50%
Declasse Grosse cylindrée Voodoo
50%
Declasse Grosse cylindrée Voodoo custom
50%
Declasse Tout-terrain Walton L35
50%
Declasse Tout-terrain Walton L35 de drift
50%
Declasse Tout-terrain Walton L35 de série
50%
Declasse Sportive classique Mamba
0%
Declasse Véhicule de secours Police Rancher
0%
Declasse Tout-terrain Rancher XL
0%
Declasse Grosse cylindrée Yosemite
0%
Declasse Tout-terrain Yosemite 1500
0%
Declasse Grosse cylindrée Yosemite drift
0%
Declasse Tout-terrain Yosemite Rancher
0%
Aucun quiz correspondant
Distribution des résultats
% des personnes avec chaque résultat
Percentile par nombre de réponses
Votre historique - résultats
Vous n’avez pas pris ce quiz depuis la dernière actualisation